000 00426nam a2200181Ia 4500
001 8257
005 20260306160556.0
008 260306t1970||||xx |||||||||||||| ||spa||
041 _aESP
082 _a370.152
_bP36
100 _aPeel, E.A.
_eAUT
245 0 _aFundamentos psicológicos de la educación
260 _c1970
300 _a296 páginas :
_ccm.
650 _aGEN
654 _aCED
942 _cLIB
_dJUS
_fJUS
_2ddc
_n
999 _c8257
_d8257